000 00284nam a22001337a 4500
008 170315b xxu||||| |||| 00| 0 eng d
020 _a0721615627
041 _aeng
080 _23RD
_a591
100 _a7
101 _aSHM
245 _aINVERTBRATE ZOOLOGY
_cBARNES
942 _2udc
_cBK
999 _c7826
_d7826